00553nam a22002057a 450000500170000001000140001702000260003103500130005703500170007003700130008703700220010008200180012210000180014024500510015826000380020927000450024730000330029250000190032570000030034420100807155518.0 aENG-98954 c360.00a9788183333238 aEN-82486 aB-413989-005 bDBAD/PUB bBPB Publications  a657.028553769 aNarayanan, V  aSAP FI financial accounting /cby V. Narayanan aNew DelhibBPB Publicationsc2010 aB-14, Connaught PlacebNew Delhie110001 axxiv, 301 p. c24 cm. (Pbk) aIncludes index